South Eastern Kenya University

Library Online Public Access Catalogue


Ber and other Jujubes / (Record no. 1636)

MARC details
000 -LEADER
fixed length control field 00282nam a22001337a 4500
020 ## - ISBN
International Standard Book Number 854328580
050 ## - LIBRARY OF CONGRESS CALL NUMBER
Classification Number QK495
Item Number .R45
100 ## - MAIN ENTRY--Author
Personal name Azam-Ali S.
245 ## - TITLE
Title Ber and other Jujubes /
260 ## - PUBLICATION, DISTRIBUTION, ETC.(IMPRINT)
Place of publication, distribution, etc UK
Name of publisher, distributor, etc DFID
Date of publication, distribution, etc 2006
300 ## - PHYSICAL DESCRIPTION
Extent iii,289p.
700 ## - ADDED ENTRY--PERSONAL AUTHOR
Personal Name Bonkoungou S.
942 ## - ADDED ENTRY ELEMENTS(KOHA)
Koha item type General circulation
Holdings
Source of classification or shelving scheme Not for loan Location (home branch) Sublocation (holding branch) Date accessioned Cost, normal purchase price Full call number Barcode Cost, replacement price Koha item type
Library of Congress Classification   Main Campus Library Main Campus Library 22/08/2014 867.39 QK 495 .R45 2019/023053 1367.39 General circulation
Library of Congress Classification   Main Campus Library Main Campus Library 22/08/2014 867.39 QK 495 .R45 2019/023056 1367.39 General circulation
Library of Congress Classification   Main Campus Library Main Campus Library 22/08/2014 867.39 QK 495 .R45 2019/023057 1367.39 General circulation
Library of Congress Classification   Main Campus Library Main Campus Library 22/08/2014 867.39 QK 495 .R45 2019/023054 1367.39 General circulation
Library of Congress Classification   Main Campus Library Main Campus Library 22/08/2014 867.39 QK 495 .R45 2019/023058 1367.39 General circulation
Library of Congress Classification   Main Campus Library Main Campus Library 22/08/2014 867.39 QK 495 .R45 2019/023055 1367.39 General circulation
Kitui, Kenya.
+254736116989
library@seku.ac.ke